Statistics for Stores A-Z

Click here to take the quiz!

General Stats

  • This quiz has been taken 94 times
  • The average score is 12 of 26

Answer Stats

LetterTypeStore% Correct
ATechnologyApple
82%
GVideo gamesGame Stop
76%
WEverythingWalmart
76%
CPharmacyCVS
73%
BBooksBarnes & Noble
70%
DDollar storeDollar Tree
68%
IFurnitureIkea
66%
YCandlesYankee Candle
66%
TEverythingTarget
65%
VLingerieVictoria's Secret
62%
HHome improvementHome Depot
61%
KDiscount storeKmart
59%
PPetsPetCo
55%
UMakeupUlta
53%
OOffice suppliesOffice Depot
46%
MClothingMacy's
42%
SClothing, appliancesSears
39%
JClothingJCPenney
38%
XBusiness services, printingXerox
32%
RTechnologyRadio Shack
31%
LSpecific toysLego
24%
FClothingForever 21
22%
NClothingNordstrom
19%
EClothingExpress
5%
ZClothingZumiez
5%
QClothingQuiksilver
1%

Score Distribution

Percentile by Number Answered

Percent of People with Each Score

Your Score History

You have not taken this quiz